000 00864nas a2200241 4500
001 BR8601807
003 BR-BrBNA
005 20231205090427.0
007 ta
008 230509b bl.|||p| |||| 00| 00por d
040 _aBR-BrBNA
_bpor
_cBiblioteca Nacional de Agricultura
041 _a(Pt)
072 _aP06
100 1 _aPadovani Neto, A.
100 1 _aLorenz, K.
245 1 _aCaracteristicas de geracao, compra e utilizacao da energia eletrica nas Usinas Cooperadas na safra 83/84 [Saccharum spp]
246 1 _aElectrical energy: consumption, generation and purchase at Cooperative Mills in the 1983-84 season
650 _aCANA DE ACUCAR
650 _aENERGIA ELETRICA
773 0 _tBoletim Tecnico COPERSUCAR (Brazil)
_xISSN 0100-2996
_g(Oct 1985), (no. 32) p. 35-41
_wBR8601807
909 _a202311
_bLúcia
_c55
_dLúcia Elande
942 _2AGRIS
_n0
_cANA
999 _c118348
_d118348